000 01788nam a22005897a 4500
005 20250829123819.0
008 190923b2018 xxu||||| |||| 00| 0 spa d
020 _a9789587716870
041 _aESP
082 _a658.45 AG283g
100 _aAguilera, Jorge
_956014
245 _aGerencia integral de comunicaciones II: organizaciones en la era de la conversación
260 _aColombia
260 _bEcoe Ediciones
260 _c2018
300 _a413 páginas
490 _aDirección y Administración de Empresas
650 _aCOMUNICACIÓN
650 _aTÉCNICA GERENCIAL
650 _aCOMUNICACIÓN EN ADMINISTRACIÓN
650 _aCOMUNICACIÓN ORGANIZCIONAL
650 _aTECNOLOGÍA EN EL PROCESO DE CAMBIO
650 _aSISTEMA PARTICIPATIVO
650 _aERA DE LA INFORMACIÓN
650 _aESTRUCTURA EN RED
650 _aTECNOLOGÍA
650 _aPRODUCTIVIDAD
650 _aCOMPETITIVIDAD
650 _aCULTURA ORGANIZACIONAL
650 _aCLIMA ORGANIZACIONAL
650 _aRELACIONES CORPORATIVAS
650 _aCOMUNICACIÓN ORGANIZACIONAL
650 _aCOMPETENCIAS COMUNICATIVAS
650 _aDINÁMICA SITUACIONAL
650 _aGESTIÓN DEL CONOCIMIENTO
650 _aAPRENDIZAJE SIGNIFICATIVO
650 _aINTERNET
650 _aWEB 2.0
650 _aWEB 3.0
650 _aCIUDADANÍA DIGITAL
650 _aCONSUMIDORES DIGITALES
650 _aMARCA CORPORATIVA
650 _aIMAGEN DE SERVICIO
650 _aPOLÍTICAS DE COMUNICACIÓN
650 _aPROTOCOLOS DE COMUNICACIÓN
650 _aRESPONSABILIDAD SOCIAL
650 _aCIBERACTIVISMO
650 _aVÍDEO ACTIVISMO
650 _aDEMOCRACIA DELIBERATIVA
650 _aDIVULGACIÓN DEL CONOCIMIENTO
942 _cBK
_2ddc
999 _c12349
_d12349